[Event "Buenos Aires"]
[Site "?"]
[Date "1987.??.??"]
[Round "?"]
[White "Vera, R."]
[Black "Giardelli, S."]
[Result "1-0"]
[WhiteElo "2440"]
[BlackElo "2315"]
[PlyCount "93"]
[EventDate "1987.??.??"]
[Source "ChessBase"]
[SourceDate "1987.07.01"]

1. d4 d5 2. c4 dxc4 3. Nf3 Nf6 4. e3 g6 5. Bxc4 Bg7 6. O-O O-O 7. Nc3 a6 8. Be2 c5 9. dxc5 Nbd7 10. c6 bxc6 11. e4 Nc5 12. Qc2 Ne6 13. Rd1 Qc7 14. h3 Bb7 15. Bc4 c5 16. Bxe6 fxe6 17. Be3 Rac8 18. Nd2 Nh5 19. Nb3 Qe5 20. Rd7 Ba8 21. Rxe7 Nf4 22. Qd2 Qg5 23. Bxf4 Qxe7 24. Bd6 Qf6 25. Bxf8 Bxf8 26. Rd1 c4 27. Qd7 Rb8 28. Qa7 Rb4 29. Qxa8 cxb3 30. axb3 Rxb3 31. Rd2 Kg7 32. Qxa6 Kh6 33. Qe2 Bc5 34. Qc4 Qg5 35. Rc2 Rb4 36. Qe2 Rd4 37. Nb5 Rd8 38. h4 Qe5 39. Nc3 Rf8 40. Qg4 Qd4 41. Nd1 Rf6 42. Qg5+ Kg7 43. Rd2 Qb4 44. Rd7+ Be7 45. Ne3 Kf8 46. Ng4 Rf7 47. Qe5 1-0